|
|
|
|
| LEADER |
00000cam a2200000 a 4500 |
| 001 |
vtls009794659 |
| 003 |
SK-MaSNL |
| 005 |
20260302010350.0 |
| 008 |
240318s1976 xo ao 001 0 slo |
| 035 |
|
|
|a (SVKBBclas03)vtls000270821
|
| 040 |
|
|
|a SNK
|b slo
|c SNK
|e AACR2
|
| 041 |
1 |
|
|a slo
|b mul
|
| 044 |
|
|
|a xo
|c SK
|
| 080 |
|
|
|a 616.155.194
|2 2001
|
| 080 |
|
|
|a (075)
|2 2001
|
| 100 |
1 |
|
|a Dieška, Dionýz,
|d 1914-2006
|4 aut
|9 26050
|
| 245 |
1 |
0 |
|a Málokrvnosť
|b klinická štúdia
|c Dionýz Dieška
|
| 250 |
|
|
|a 2. dopl. vyd.
|
| 260 |
|
|
|a Martin
|b Osveta
|c 1976
|
| 300 |
|
|
|a 304 s.
|b lit., res., reg., sch., tab., obr.
|e 33 viaz. fotogr. príl.
|
| 490 |
1 |
|
|a Edícia pre postgraduálne štúdium lekárov : Dérerova zbierka
|v zv. 48
|
| 504 |
|
|
|a Literatúra na s. 269-284
|
| 546 |
|
|
|a Cudzojazyčné resumé
|
| 650 |
0 |
7 |
|a fyziológia krvi
|2 SVKBBPH
|9 649113
|
| 650 |
0 |
7 |
|a anémia
|2 SVKBBPH
|9 16064
|
| 655 |
|
7 |
|a učebnice
|2 SVKBBPH
|9 22521
|
| 830 |
|
0 |
|a Edícia pre postgraduálne štúdium lekárov
|9 279403
|
| 852 |
|
|
|a Štátna vedecká knižnica v Banskej Bystrici
|
| 958 |
|
|
|a OND
|
| 999 |
|
|
|c 1002829
|d 1004759
|
| 952 |
|
|
|a SNK
|b SNK
|y VYP
|7 0
|p 17A0892331
|o snkSC 38666 D1
|i snkKSP 3090/76
|0 0
|1 0
|4 0
|d 2013-07-02
|l 0
|r 2026-02-24 12:25:58
|w 2026-02-24
|